[Event "Bucharest Superbet Classic playoff"]
[Site "Bucharest"]
[Date "2025.05.16"]
[Round "1"]
[White "Firouzja, Alireza"]
[Black "Praggnanandhaa, Rameshbabu"]
[Result "1/2-1/2"]
[WhiteElo "2757"]
[BlackElo "2758"]
[PlyCount "72"]
[EventDate "2025.05.16"]
[EventType "tourn (blitz)"]
[EventRounds "3"]
[EventCountry "ROU"]
[EventCategory "20"]
[SourceTitle "CB21_2025"]
[SourceDate "2025.05.21"]
[SourceVersion "1"]
[SourceVersionDate "2025.05.21"]
[SourceQuality "1"]

1. e4 e5 2. Nf3 Nc6 3. Bc4 Bc5 4. c3 Nf6 5. d3 a6 6. Bg5 Ba7 7. Nbd2 d6 8. a4 h6 9. Bh4 Ne7 10. Bxf6 gxf6 11. 0-0 Ng6 12. d4 c6 13. Re1 h5 14. Nf1 h4 15. Ne3 Nf4 16. Qb3 Qe7 17. a5 Kf8 18. Rad1 Rb8 19. Qa3 Rh6 20. g3 hxg3 21. hxg3 Nh3+ 22. Kg2 Kg7 23. Nh4 Rxh4 24. gxh4 Nf4+ 25. Kf3 Kh7 26. dxe5 Bc5 27. exd6 Qe5 28. b4 Qh5+ 29. Kxf4 Qxh4+ 30. Kf3 Qh5+ 31. Kf4 Qg5+ 32. Kf3 Qh5+ 33. Kf4 Qh4+ 34. Kf3 Qh5+ 35. Kf4 Qg5+ 36. Kf3 Qh5+ 1/2-1/2

[Event "Bucharest Superbet Classic 5th"]
[Site "Bucharest"]
[Date "2025.05.08"]
[Round "2"]
[White "Duda, Jan Krzysztof"]
[Black "Firouzja, Alireza"]
[Result "1/2-1/2"]
[WhiteElo "2739"]
[BlackElo "2757"]
[PlyCount "109"]
[EventDate "2025.05.07"]
[EventType "tourn"]
[EventRounds "9"]
[EventCountry "ROU"]
[EventCategory "20"]
[SourceTitle "CB21_2025"]
[SourceDate "2025.05.21"]
[SourceVersion "1"]
[SourceVersionDate "2025.05.21"]
[SourceQuality "1"]

1. d4 Nf6 2. c4 e6 3. Nc3 Bb4 4. e3 b6 5. Nge2 Ba6 6. a3 Be7 7. Nf4 d5 8. cxd5 Bxf1 9. Kxf1 exd5 10. Qf3 c6 11. g4 0-0 12. h4 Re8 13. g5 Ne4 14. Nxe4 dxe4 15. Qg4 Bd6 16. Bd2 Bxf4 17. Qxf4 Qd5 18. Bc3 Nd7 19. Rg1 Re6 20. Rg4 a5 21. Kg2 Rf8 22. h5 f5 23. Rg3 Rc8 24. a4 c5 25. Kh3 c4 26. Rf1 Rf8 27. Qc7 f4 28. exf4 Rc6 29. Qb7 Rxf4 30. Bd2 Rf5 31. Be3 Nf8 32. Kg2 Rf7 33. Qb8 Rf5 34. Rh1 Qd7 35. h6 g6 36. Rh4 b5 37. Rxe4 Rc8 38. Qb6 b4 39. Re5 Rxe5 40. dxe5 Qxa4 41. e6 Qe8 42. Qxa5 Qc6+ 43. Kh2 Qd6 44. e7 Qxe7 45. Qd5+ Qf7 46. Qe5 Ne6 47. Bd4 Nxd4 48. Qxd4 c3 49. bxc3 bxc3 50. Rxc3 Rxc3 51. Qd8+ Qf8 52. Qd5+ Qf7 53. Qd8+ Qf8 54. Qd5+ Qf7 55. Qd8+ 1/2-1/2

[Event "Titled Tuesday intern op 06th May Early"]
[Site "Chess.com INT"]
[Date "2025.05.06"]
[Round "4"]
[White "Firouzja, Alireza"]
[Black "Tang, Andrew"]
[Result "1-0"]
[WhiteElo "2757"]
[BlackElo "2529"]
[PlyCount "63"]
[EventDate "2025.05.06"]
[EventType "swiss (blitz)"]
[EventRounds "11"]
[EventCountry "USA"]
[SourceTitle "CB20_2025"]
[SourceDate "2025.05.14"]
[SourceVersion "1"]
[SourceVersionDate "2025.05.14"]
[SourceQuality "1"]

1. e4 e5 2. Nf3 Nc6 3. Bb5 g6 4. d4 exd4 5. Bg5 Be7 6. Bxe7 Qxe7 7. Bxc6 dxc6 8. Qxd4 Nf6 9. Nc3 Bg4 10. Nd2 c5 11. Qe3 0-0-0 12. h3 Be6 13. 0-0-0 b6 14. Rhe1 Kb8 15. f4 Rhe8 16. Nf3 Bc8 17. e5 Rxd1+ 18. Rxd1 Bb7 19. g4 h5 20. Ng5 hxg4 21. Qd2 Nh5 22. hxg4 Ng7 23. Nd5 Bxd5 24. Qxd5 f6 25. Qc6 Rd8 26. Rxd8+ Qxd8 27. exf6 Qd4 28. fxg7 Qg1+ 29. Kd2 Qf2+ 30. Kd3 Qf1+ 31. Ke3 Qe1+ 32. Kf3 1-0

[Event "Warsaw Superbet Blitz"]
[Site "Warsaw"]
[Date "2025.04.30"]
[Round "16"]
[White "Aravindh, Chithambaram VR"]
[Black "Firouzja, Alireza"]
[Result "0-1"]
[WhiteElo "2749"]
[BlackElo "2757"]
[PlyCount "80"]
[EventDate "2025.04.29"]
[EventType "tourn (blitz)"]
[EventRounds "18"]
[EventCountry "POL"]
[EventCategory "19"]
[SourceTitle "CB18_2025"]
[SourceDate "2025.04.30"]
[SourceVersion "1"]
[SourceVersionDate "2025.04.30"]
[SourceQuality "1"]

1. Nf3 Nf6 2. g3 g6 3. Bg2 Bg7 4. 0-0 0-0 5. d4 d6 6. Nc3 Nbd7 7. a4 a5 8. b3 d5 9. Re1 c6 10. Bb2 Ne4 11. Nxe4 dxe4 12. Ng5 e3 13. fxe3 Bh6 14. Ne4 Bxe3+ 15. Kh1 Nb6 16. Qd3 Bh6 17. Nf2 Bg7 18. e4 e5 19. dxe5 Qc7 20. Rad1 Nd7 21. e6 Nc5 22. Qe3 Bxb2 23. Qxc5 Bxe6 24. c3 b6 25. Qe3 Ba3 26. e5 Bc5 27. Qf4 Bxf2 28. Qxf2 Bxb3 29. Rd6 Bxa4 30. c4 Rae8 31. Qd2 Re7 32. Ra1 b5 33. Qd4 Bb3 34. c5 a4 35. h4 Rfe8 36. Re1 Qa5 37. Rf1 Rxe5 38. Bxc6 Re1 39. Qf4 Rxf1+ 40. Qxf1 Re1 0-1

[Event "Warsaw Superbet Blitz"]
[Site "Warsaw"]
[Date "2025.04.30"]
[Round "14"]
[White "Deac, Bogdan Daniel"]
[Black "Firouzja, Alireza"]
[Result "1-0"]
[WhiteElo "2668"]
[BlackElo "2757"]
[PlyCount "47"]
[EventDate "2025.04.29"]
[EventType "tourn (blitz)"]
[EventRounds "18"]
[EventCountry "POL"]
[EventCategory "19"]
[SourceTitle "CB18_2025"]
[SourceDate "2025.04.30"]
[SourceVersion "1"]
[SourceVersionDate "2025.04.30"]
[SourceQuality "1"]

1. d4 e6 2. Nf3 c5 3. c4 cxd4 4. Nxd4 Nf6 5. Nc3 Nc6 6. Bf4 d6 7. Nxc6 bxc6 8. g3 Be7 9. Bg2 d5 10. cxd5 cxd5 11. e4 0-0 12. exd5 Nxd5 13. 0-0 Nxc3 14. bxc3 Ba6 15. Re1 Qa5 16. Re5 Qxc3 17. Bxa8 Rxa8 18. Rc1 Qa3 19. Qb3 h6 20. Qxa3 Bxa3 21. Rb1 Bc4 22. Ra5 Bf8 23. Ra4 Bd3 24. Rb8 1-0